[Event "Shropshire Open"]
[Site "Telford"]
[Date "2024.01.12"]
[Round "1.1"]
[White "Zabrocki, Philip"]
[Black "Martin, Lewis"]
[Result "0-1"]
[WhiteElo "1991"]
[BlackElo "2228"]
[Annotator "Van Kemenade, Rudy"]
[PlyCount "68"]
[EventDate "2024.01.12"]
[EventType "swiss"]
[EventRounds "5"]
[EventCountry "ENG"]
[SourceTitle "BritBase"]
[Source "John Saunders"]
[SourceDate "2024.04.05"]
[SourceVersion "1"]
[SourceVersionDate "2024.04.05"]
[SourceQuality "1"]

1. e4 c6 2. d4 d5 3. e5 Bf5 4. h4 h5 5. Bg5 Qb6 (5... f6 6. Bf4 e6 7. Bd3 Bxd3
(7... Ne7 8. exf6 gxf6 9. Ne2 Qb6 10. Nbc3 {Novikov-Martin, Titled Tuesday
blitz,sept 2023,0-1}) 8. Qxd3 Ne7 9. exf6 gxf6 10. Nf3 Qb6 11. Nc3 {
Zabrocki-Bedi, English Online Blitz 2020,1-0}) 6. Bd3 Bxd3 7. Qxd3 e6 {main} (
7... Qxb2 8. e6 {84 % for Wh} Nf6 (8... f6 9. Bf4 Qxa1 10. Qb3 Qxd4 11. Qxb7
Qe4+ 12. Ne2 Qxe6 13. Qxa8 {Zabrocki-Bedi, Checkmate covid rematch blitz 2021,
1-0}) 9. Nf3 Ne4 {Zabrocki-Haydon, English Online blitz 2020,0-1}) 8. Nd2 Ne7 (
8... c5 9. c4) (8... Qa6 9. c4 {main lines}) 9. c4 (9. Ngf3) (9. Ne2 {main,
both score well for Wh}) 9... c5 (9... Nf5 {main}) 10. Ngf3 Nbc6 11. O-O cxd4
12. cxd5 {71% for Wh} (12. a3 {77% for Wh}) 12... Nxd5 13. Nc4 Qc7 (13... Qa6 {
2-0}) 14. a3 $146 (14. Nxd4 Nxd4 15. Qxd4 Bc5 16. Qe4 $14 {2-0} (16. Qd3 $14 {
1 draw})) 14... f6 (14... Bc5 15. Rac1 $14 {SF16}) 15. Bd2 Rd8 16. Rac1 $16 (
16. Rfe1 $16) 16... Qf7 17. Rfe1 Be7 18. b4 (18. Na5 Nxe5 19. Qb5+ Kf8 20. Nxd4
Nb6 21. Nab3 Kg8 22. Rc7 $14 {SF16}) 18... O-O (18... a6 $11) 19. b5 (19. exf6
Bxf6 20. b5 Nce7 21. Nce5 Bxe5 22. Rxe5 Qg6 23. Qb3 d3 24. Rg5 Qf6 25. Qxd3 $14
{SF16}) 19... Nxe5 20. Ncxe5 fxe5 21. Rxe5 Bxh4 (21... Bd6 $15 {SF16}) 22. Qe4
(22. Rce1 $11 {SF16}) 22... Bf6 $19 23. Rxe6 Nc7 (23... Nc3 $1 24. Bxc3 dxc3
25. a4 Qd7 26. g3 Qd5 $19 {SF16}) 24. Rxf6 gxf6 25. Qxb7 Na8 (25... Ne6 $17)
26. Qc6 (26. Qe4 $11 {SF16}) 26... Nb6 27. Qe4 Rfe8 28. Qf4 (28. Qf5 Rd5 29.
Qd3 $11 {SF16}) 28... Nc4 (28... Qg6 $19) 29. Bb4 Ne5 30. Nxd4 Ng6 31. Qd2 Qd5
(31... Re4 $19 {SF16}) 32. Qc2 (32. Qh6 $11 {SF16}) 32... Nf4 33. Qc4 (33. Nf3
Rd7 $17) 33... Qxc4 34. Rxc4 Rxd4 0-1

[Event "Shropshire Open"]
[Site "Telford"]
[Date "2024.01.12"]
[Round "1.2"]
[White "Kett, Timothy"]
[Black "Jukes, Sam"]
[Result "0-1"]
[WhiteElo "2205"]
[BlackElo "1969"]
[Annotator "Van Kemenade, Rudy"]
[PlyCount "64"]
[EventDate "2024.01.12"]
[EventType "swiss"]
[EventRounds "5"]
[EventCountry "ENG"]
[SourceTitle "BritBase"]
[Source "John Saunders"]
[SourceDate "2024.04.05"]
[SourceVersion "1"]
[SourceVersionDate "2024.04.05"]
[SourceQuality "1"]

1. e4 e5 2. f4 exf4 3. Nf3 Ne7 4. Nc3 (4. Qe2 Ng6 5. d4 Be7 6. g3 fxg3 7. hxg3
d5 8. Nc3 Be6 {Waterfield-Jukes, Frome op 2018,0-1}) (4. d4 {main} d5 5. exd5
Nxd5 6. c4 Ne3 7. Bxe3 fxe3 8. Bd3 Bb4+ 9. Nc3 O-O 10. O-O Bg4 {
Kett-Zherebtsova,Titled Tuesday intern blitz, 2021,0-1}) 4... d5 5. exd5 (5. d4
{main, recommended in Shaw 2013:375}) 5... Nxd5 6. Nxd5 Qxd5 7. d4 Be7 8. Bd3 {
56 games} (8. c4 {main, 91games}) 8... g5 9. O-O {20& for Wh} (9. Qe2 {47% for
Wh}) 9... g4 (9... Bg4 $15 {SF16, 4 draws, 1 Bl win}) 10. Ne1 f3 {1 SF16 line}
(10... Qxd4+ $11 {SF16, 0-2}) 11. Be3 (11. c3 Nc6 12. Qb3 $11 {SF16}) 11... Nc6
$17 12. c4 Qh5 $19 13. Be4 Bd6 14. g3 O-O {Wh now had a long think} 15. Bxc6
bxc6 16. c5 Re8 17. Qd2 Bf8 18. Rf2 Ba6 (18... Bf5 {also}) 19. Nc2 Re4 20. Nb4
Rae8 21. Nxa6 Rxe3 22. Raf1 Bh6 (22... Re2 {also}) 23. Nxc7 R8e7 24. Qb4 Re2
25. Qb8+ Kg7 26. Rxe2 fxe2 27. Ne8+ Rxe8 28. Qxe8 Be3+ (28... exf1=Q+ 29. Kxf1
Qf5+ 30. Ke1 Qb1+ $19 {SF16}) 29. Qxe3 Qxh2+ 30. Kxh2 exf1=N+ 31. Kg2 Nxe3+ 32.
Kf2 Nd5 0-1

[Event "Shropshire Open"]
[Site "Telford"]
[Date "2024.01.12"]
[Round "1.3"]
[White "Vaidyanathan, Adithya"]
[Black "Potter, John M"]
[Result "1/2-1/2"]
[WhiteElo "1959"]
[BlackElo "2196"]
[Annotator "Van Kemenade, Rudy"]
[PlyCount "140"]
[EventDate "2024.01.12"]
[EventType "swiss"]
[EventRounds "5"]
[EventCountry "ENG"]
[SourceTitle "BritBase"]
[Source "John Saunders"]
[SourceDate "2024.04.05"]
[SourceVersion "1"]
[SourceVersionDate "2024.04.05"]
[SourceQuality "1"]

1. Nf3 Nf6 (1... g6 2. g3 Bg7 3. d4 Nf6 4. Bg2 O-O 5. c4 d6 6. O-O Nfd7 7. Nc3
Nc6 8. Be3 e5 {F Badacsonyi-Potter, Southend on Sea 2022,1/2-1/2}) 2. d4 g6 3.
c4 c5 4. d5 b5 {main} (4... d6 5. Nc3 Bg7 6. e4 O-O 7. h3 e6 8. Bd3 exd5 9.
exd5 Re8+ 10. Be3 Nh5 11. O-O f5 12. Bg5 Nf6 {Vaidyanathan-Truman, 4NCL nov
2023,1-0}) 5. cxb5 a6 6. bxa6 (6. b6 {main}) 6... Bg7 (6... Bxa6) 7. Nc3 O-O 8.
e4 Qa5 9. Bd2 Bxa6 10. Bxa6 {39% for Wh} (10. Be2 {53% for Wh}) 10... Qxa6 11.
Qe2 d6 12. Qxa6 Nxa6 13. O-O Rfb8 {21% for Wh} 14. b3 Nb4 15. Rfc1 Nd3 16. Rd1
Ng4 17. Rf1 Rb7 (17... c4 18. Rab1 Ngxf2 19. Rxf2 Nxf2 20. Kxf2 Bxc3 21. Bxc3
Rxa2+ 22. Kf1 Rc2 23. Bd4 cxb3 $17 {SF16}) (17... Nb4 18. h3 Nh6 19. a4 Nc2 20.
Ra2 Nd4 (20... Nb4 $11) 21. Nxd4 Bxd4 (21... cxd4 22. Ne2 Rxb3 23. Nxd4 Bxd4
24. Bxh6 $11 {Ernst-Tschoepke,Dortmund Sparkassen 2015,1-0})) 18. h3 Nge5 19.
Nxe5 Bxe5 20. f4 Bd4+ 21. Kh2 f6 $11 (21... f5 $17 {SF16-breaks up Wh's centre}
) 22. Rf3 Nb4 23. a4 Rab8 24. Raf1 Bxc3 (24... f5 $5 {SF16}) 25. Rxc3 Na6 26.
Rff3 Rb4 (26... f5 $11) 27. Rce3 $14 Rd4 28. Bc3 Rd1 29. e5 Nc7 30. exd6 exd6
31. Bxf6 Nxd5 32. Re6 Nxf6 33. Rxf6 Kg7 34. Re6 $14 Kf7 35. Re2 Rb1 36. f5
R1xb3 37. fxg6+ Kxg6 $11 38. Re6+ Kg7 39. Rxd6 Rxf3 40. gxf3 Rc8 $11 41. Kg3 c4
42. Rd2 c3 43. Rc2 Ra8 44. Rxc3 Rxa4 {with the pawns all on the same side it
should be drawn, but Wh keep trying} 45. Rc6 h5 46. Re6 Kf7 47. Rh6 Ra5 48. Kf2
Kg7 49. Re6 Kf7 50. Rc6 Ra4 51. Rb6 Rc4 52. Rh6 Rc5 53. f4 Kg7 54. Re6 Rc3 55.
Re3 Rc2+ 56. Kg3 Kf6 57. Re8 Rc3+ 58. Kh4 Rf3 59. Kxh5 Rxh3+ {clear drawn
position} 60. Kg4 Ra3 61. Rb8 Ra5 62. Rb6+ Kf7 63. f5 Ra1 64. Rb5 Rg1+ 65. Kf4
Rf1+ 66. Ke4 Re1+ 67. Kd5 Kf6 68. Kd6 Rd1+ 69. Rd5 Rxd5+ 70. Kxd5 Kxf5 1/2-1/2

[Event "Shropshire Open"]
[Site "Telford"]
[Date "2024.01.12"]
[Round "1.4"]
[White "Surtees, Michael"]
[Black "Van Kemenade, Rudy"]
[Result "1-0"]
[WhiteElo "2181"]
[BlackElo "1934"]
[Annotator "Van Kemenade, Rudy"]
[PlyCount "101"]
[EventDate "2024.01.12"]
[EventType "swiss"]
[EventRounds "5"]
[EventCountry "ENG"]
[SourceTitle "BritBase"]
[Source "John Saunders"]
[SourceDate "2024.04.05"]
[SourceVersion "1"]
[SourceVersionDate "2024.04.05"]
[SourceQuality "1"]

1. e4 e5 2. c4 Nf6 3. Nc3 Bb4 (3... Bc5) 4. d3 O-O 5. Nf3 Re8 6. Be2 c6 7. O-O
d6 $146 (7... d5 8. cxd5 cxd5 9. Bg5 Bxc3 10. bxc3 dxe4 11. Bxf6 Qxf6 12. dxe4
$15 {0-3}) 8. h3 Nbd7 9. a3 Ba5 10. b4 Bc7 11. Re1 h6 12. Bf1 Nf8 13. d4 Qe7
14. Bb2 (14. d5 $16 {Sf16, expected}) 14... g5 15. dxe5 dxe5 16. Nd2 (16. Nd5
cxd5 17. exd5 e4 18. c5 Bf4 19. d6 Qd8 20. g3 g4 21. Nd4 Be5 22. h4 $11) 16...
Ng6 17. g3 Be6 18. Qc2 Rad8 19. Nb3 h5 (19... g4 20. h4 Nxh4 (20... Nh5 21.
Rad1 Nhf4 22. Nc5 Bc8 $11 23. gxf4 Nxh4 24. Bg2 exf4 $19) 21. gxh4 Nh5 {
considerd} 22. Re3 Qxh4 23. Ne2 Nf4 24. Na5 Bc8 25. c5 $17) (19... Nh5 20. Rad1
Nhf4 $11 21. Kh2 Kh7 22. gxf4 gxf4 23. Rxd8 Rxd8 24. Ne2 Nh4 25. Ng1 Qg5 26.
Nd2 Qh5 27. Qc3 Rg8 28. Ndf3 Qg6 29. Re2 $16) 20. Nd1 Qd7 $2 {intended to get
the K to move to h2, then h4 & sac on g4} (20... g4 21. Ne3 (21. h4 Nh7 22. Bg2
(22. Ne3 Nxh4 23. gxh4 Qxh4 24. Bg2 Ng5 25. Qe2 Bc8 26. Bc1 Ne6 27. Nf5 Qf6)
22... Nxh4 23. gxh4 Qxh4 24. Bc1 Ng5 25. Bxg5 Qxg5 26. Re3 (26. Ne3 h4 $11))
21... h4 22. Nf5 Bxf5 23. exf5 Nf8 $11) (20... h4 {other sac looked at} 21. g4
$16 Bxg4 22. hxg4 Nxg4 23. Be2 $18) 21. Nc5 $18 Qc8 22. Nxe6 Qxe6 23. Ne3 h4
24. c5 hxg3 (24... Rd4 $5 {SF16, considered}) 25. fxg3 Nh5 (25... b5) 26. Nf5
Ne7 27. Bc4 Qg6 28. Rf1 Nxf5 (28... Nf4 $5 {SF16}) 29. Rxf5 Re7 30. Raf1 Rdd7
31. Bc1 Ng7 32. Rxg5 Qh7 33. Kg2 Rd4 34. Rg4 Kf8 35. Bg5 (35. Rf6 {SF16}) (35.
Rh4) 35... Red7 36. Rh4 Qg8 37. Be3 Ke8 38. Bxd4 exd4 39. e5 d3 (39... Re7 40.
Bxf7+ Rxf7 41. Qg6) 40. Bxd3 (40. Qf2) 40... Bxe5 41. Re1 f6 42. Bc4 Qf8 43.
Re2 (43. Rd1) 43... Kd8 44. Rd2 (44. Rh7) 44... Rxd2+ 45. Qxd2+ Kc7 46. Rh7 b5
47. Qh6 (47. cxb6+ Kxb6 48. h4 {SF16}) 47... f5 48. Qe6 Qf6 49. Qxf6 Bxf6 50.
Bd3 (50. Be2 Bb2 51. Bf3) 50... Kc8 51. Rh6 1-0

[Event "Shropshire Open"]
[Site "Telford"]
[Date "2024.01.12"]
[Round "1.5"]
[White "Hilditch-Love, Daniel"]
[Black "Burrows, Martin"]
[Result "1/2-1/2"]
[WhiteElo "1930"]
[BlackElo "2159"]
[Annotator "Van Kemenade, Rudy"]
[PlyCount "95"]
[EventDate "2024.01.12"]
[EventType "swiss"]
[EventRounds "5"]
[EventCountry "ENG"]
[SourceTitle "BritBase"]
[Source "John Saunders"]
[SourceDate "2024.04.05"]
[SourceVersion "1"]
[SourceVersionDate "2024.04.05"]
[SourceQuality "1"]

1. e4 c5 2. Nc3 Nc6 (2... d6 3. g3 Nf6 4. Bg2 Nc6 5. Nge2 e6 6. d4 cxd4 7. Nxd4
Be7 8. O-O O-O {Hilditch-Love vs Morgans, Newport op 2023,1-0}) 3. g3 g6 4.
Nge2 (4. Bg2 Bg7 5. d3 d6 6. Be3 Rb8 {3 draws, 2 wins -Burrows}) 4... Bg7 5.
Bg2 d6 6. O-O e6 7. d3 Nge7 8. Be3 Nd4 {main, 38 % for Wh} 9. Nf4 (9. Qd2 {main
}) 9... O-O 10. h4 (10. Qd2 {main}) 10... Rb8 $15 11. h5 $146 (11. Qd2 {0-3}) (
11. Rb1 {0-1}) 11... b5 (11... g5 12. Nfe2 h6 $17 {SF16}) 12. Qc1 (12. h6 Bh8
13. a3 a5 14. Rb1 $11 {SF16}) 12... b4 $19 13. Nce2 e5 14. Bxd4 cxd4 15. Nh3
Bd7 (15... gxh5 $19 {Sf16}) 16. hxg6 (16. h6) 16... fxg6 (16... hxg6 $19 {SF16}
) 17. Qd2 Nc6 18. f4 Bh6 19. Ng5 Bg4 20. Bf3 Bxf3 (20... Qc8 $19 {SF16}) 21.
Nxf3 d5 22. Kg2 dxe4 23. dxe4 Qe7 (23... exf4 24. gxf4 Qf6 25. Nfxd4 Rbe8 26.
Nxc6 Qxc6 27. Ng3 Rd8 28. Qxb4 Bxf4 29. Qb3+ Kg7 $17 {SF16}) 24. Rh1 $11 Bg7
25. Rae1 h6 26. fxe5 (26. Nh4) 26... Nxe5 (26... Rxf3 27. Kxf3 Nxe5+ 28. Kg2
Nc4 29. Qd3 Ne3+ 30. Kg1 Qg5 31. Rh3 Rd8 $15 {SF16}) 27. Nexd4 Nxf3 28. Nxf3
Rbd8 29. Qe3 Qe6 $11 30. b3 (30. Qb3) 30... Rd7 31. Re2 Rdf7 32. Rf1 Kh7 (32...
Qc6 33. Qd2 a5 $11) 33. e5 $16 a5 34. Qe4 Qa6 35. e6 (35. Rd2) 35... Rf6 (35...
Re7 36. Nh4 Qa8 37. Rxf8 Qxe4+ 38. Rxe4 Bxf8 39. Kf3 $16 {SF16}) 36. e7 (36.
Rfe1 Re8 37. Nd4 Qd6 38. e7 $18 {SF16} Qd7 39. Ne6 Rf7 40. Nf4 Rexe7 41. Qxg6+
Kg8 42. Rxe7 Rxe7 43. Rxe7 Qxe7 44. Ne6 $18) 36... Re8 37. Nh4 (37. Rfe1 $16)
37... Rxf1 (37... Qc6 $11) 38. Kxf1 $18 Qd6 39. Kg2 Bd4 40. Rd2 (40. Nxg6 $1
Qxg6 41. Qxd4 $18 {SF16}) 40... Rxe7 41. Rxd4 $18 Rxe4 42. Rxd6 Re2+ 43. Kf3
Rxc2 44. Rd7+ Kg8 45. Nxg6 Rxa2 46. Ra7 (46. Kg4 Rb2 47. Kh5 Rh2+ 48. Nh4 Rh3
49. Kg4 Rh1 50. Nf5 Rb1 51. Nxh6+ Kf8 52. Ra7 Rxb3 53. Rxa5 Rb1 54. Ra7 b3 55.
Rb7 b2 56. Kg5 Rg1 57. Rb8+ Ke7 58. Nf5+ Kd7 59. Rxb2 $18 {SF16}) 46... Ra3 47.
Ne7+ (47. Kg4 Rxb3 48. Rxa5 Kg7 49. Nf4 Rb1 50. Ra6 $18 {SF16}) 47... Kf8 48.
Nc6 {draw agreed (mutual time shortage)} (48. Nc6 Rxb3+ 49. Kg4 h5+ 50. Kh4 Rb1
51. Kxh5 b3 $11 {SF16}) 1/2-1/2

[Event "Shropshire Open"]
[Site "Telford"]
[Date "2024.01.12"]
[Round "1.6"]
[White "Ferrington, Nigel"]
[Black "Hollands, David"]
[Result "1-0"]
[WhiteElo "2122"]
[BlackElo "1917"]
[Annotator "Van Kemenade, Rudy"]
[PlyCount "80"]
[EventDate "2024.01.12"]
[EventType "swiss"]
[EventRounds "5"]
[EventCountry "ENG"]
[SourceTitle "BritBase"]
[Source "John Saunders"]
[SourceDate "2024.04.05"]
[SourceVersion "1"]
[SourceVersionDate "2024.04.05"]
[SourceQuality "1"]

1. e4 c6 2. Nf3 d5 3. Nc3 dxe4 4. Nxe4 Nf6 {main} (4... Bf5 5. Ng3 Bg6 6. h4 f6
7. Bc4 Nh6 8. d4 Nf5 9. Nxf5 Qa5+ 10. c3 Qxf5 11. Qb3 b6 12. Be6 Qc2 13. Qxc2
Bxc2 14. Bf4 $18 {Ferrington-A Hagesaether,4NCL 2007,0-1}) 5. Qe2 e6 (5... Nxe4
6. Qxe4 Nd7 7. Bc4 Nf6 8. Ne5 e6 9. Qe2 {main, 56% for Wh}) 6. d4 Be7 7. c3 O-O
(7... Nbd7) 8. Nxf6+ Bxf6 9. Qe4 Qd5 10. Bd3 Qxe4+ 11. Bxe4 Nd7 (11... b6 12.
O-O Ba6 13. Re1 Rc8 14. Ne5 Bxe5 15. dxe5 Nd7 16. Bf4 Nc5 $11 {
Avazkhonov-Zainullina, Titled Tuesday int blitz 2022,0-1}) 12. Bf4 Re8 13.
O-O-O $14 h6 14. Rhe1 g5 {weakens K side} 15. Bg3 $16 (15. Bd6 $16) 15... Bg7
16. Bc2 b6 (16... Nb6 17. h4) 17. d5 (17. h4 $16 g4 18. Ne5 Nf6 19. Bf4 $16 {
SF16 more positional}) 17... cxd5 18. Ba4 b5 (18... Rd8 19. Bc6 Ba6 20. Bxa8
Rxa8 21. Kc2 Rc8 $11 {Bl has a pawn & two Bs for the exchange}) 19. Bxb5 $18 a6
20. Bc6 Ra7 21. Rxd5 Rd8 22. Rd2 Bf6 (22... Bb7) 23. Kc2 (23. Red1 Kg7 24. Ne5
$18 {SF16}) 23... Nb6 24. Rxd8+ Bxd8 25. Bb8 Re7 26. Bd6 Ra7 27. Rd1 $18 Bc7
28. Bc5 Bb7 29. Bxb7 Rxb7 30. Bxb6 (30. b4) 30... Bxb6 (30... Rxb6 31. Rd7) 31.
Rd2 f6 32. b4 Kf7 33. c4 a5 34. a3 (34. c5 Rc7 35. Kb3) 34... Ke7 35. h3 Bc7
36. Kc3 (36. Nd4 axb4 37. Nc6+ Kf7 38. axb4 {SF16}) 36... h5 37. c5 g4 38. hxg4
hxg4 39. Nd4 Be5 40. Kc4 Kd7 1-0

[Event "Shropshire Open"]
[Site "Telford"]
[Date "2024.01.12"]
[Round "1.7"]
[White "Dooley, Max"]
[Black "Underwood, Jon"]
[Result "0-1"]
[WhiteElo "1902"]
[BlackElo "2098"]
[Annotator "Van Kemenade, Rudy"]
[PlyCount "50"]
[EventDate "2024.01.12"]
[EventType "swiss"]
[EventRounds "5"]
[EventCountry "ENG"]
[SourceTitle "BritBase"]
[Source "John Saunders"]
[SourceDate "2024.04.05"]
[SourceVersion "1"]
[SourceVersionDate "2024.04.05"]
[SourceQuality "1"]

1. e4 c5 2. Nf3 d6 3. g3 (3. d4) (3. Bb5+ {main lines}) 3... e5 4. Bg2 Nf6 5.
O-O (5. d3 {120 games}) 5... Be7 6. c3 O-O 7. d4 $146 {3rd line SF16} (7. d3
Nc6 {142 games, 51% for Wh}) (7. Re1 {2-0}) 7... exd4 (7... cxd4) 8. cxd4 Nxe4
9. Qe2 (9. dxc5 d5 10. Nc3 Nxc3 11. bxc3 Bxc5 12. Bg5 f6 13. Bf4 $11 {SF16})
9... Nf6 (9... d5 10. dxc5 Re8 11. Nc3 Nxc3 12. bxc3 Bxc5 $17 {SF16}) 10. Nc3 (
10. dxc5 $11) 10... Nc6 11. d5 (11. Rd1 cxd4 12. Nxd4 Bg4 13. Bf3 Qd7 14. Nd5
Bxf3 15. Nxe7+ Nxe7 16. Qxf3 Ng4 17. Bf4 Ne5 18. Qb3 N5g6 19. Bd2 Rfe8 $15 {
SF16}) 11... Nb4 $17 12. Rd1 Bf5 13. Rd2 (13. a3) 13... Re8 14. a3 Bf8 (14...
Na6) 15. Qd1 Na6 $17 16. Nh4 Bg4 17. f3 Bd7 $19 18. Rf2 h6 (18... b5) 19. f4
Qb6 (19... c4) 20. Qd3 Re1+ 21. Bf1 Ng4 (21... c4 22. Qxc4 Ng4 $19 {SF16}) 22.
Qd2 Rae8 23. Ne2 Nxf2 24. Kxf2 (24. Qxe1 Nd3 25. Qc3 c4+ 26. Qd4 Nac5 27. Nc3
Re1 $19 {SF16}) 24... Rxf1+ 25. Kxf1 Bb5 0-1

[Event "Shropshire Open"]
[Site "Telford"]
[Date "2024.01.12"]
[Round "1.8"]
[White "Freeland, Alex"]
[Black "Conway-Lees, Joe"]
[Result "1-0"]
[WhiteElo "2095"]
[BlackElo "1857"]
[Annotator "Van Kemenade, Rudy"]
[PlyCount "75"]
[EventDate "2024.01.12"]
[EventType "swiss"]
[EventRounds "5"]
[EventCountry "ENG"]
[SourceTitle "BritBase"]
[Source "John Saunders"]
[SourceDate "2024.04.05"]
[SourceVersion "1"]
[SourceVersionDate "2024.04.05"]
[SourceQuality "1"]

1. d4 d5 2. c4 e6 3. Nc3 Nf6 4. Bg5 Nbd7 5. Nf3 c6 6. e3 Qa5 {Cambridge Springs
} 7. cxd5 (7. Nd2 {main}) 7... exd5 (7... Nxd5 {main}) 8. Bd3 Ne4 9. O-O Nxg5 (
9... Nxc3 10. bxc3 Qxc3 11. e4 {79 % for Wh}) 10. Nxg5 h6 (10... Nf6) 11. Qh5
g6 12. Bxg6 $18 Nf6 13. Qf3 (13. Bxf7+ Ke7 $19 {0-3}) 13... fxg6 (13... Bg7 14.
Nxf7 {3-0}) 14. Qxf6 hxg5 15. Qxh8 (15. e4 Rh7 16. Rfe1 $18 {SF16, opening up
the centre against the K}) 15... Be6 16. Qf6 Kd7 17. e4 (17. Qxg6 {also}) 17...
Be7 18. Qe5 (18. Qxg6 Rg8 19. Qh7 {SF16}) 18... Bd6 19. Qg7+ Be7 20. exd5 cxd5
21. Rfe1 {2Bs vs a R&N usually have good prospects, but here the Bl K is too
exposed} Rg8 22. Qe5 Qa6 23. Nxd5 Qd6 24. Nxe7 Qxe5 25. Rxe5 Kxe7 26. Rae1 Rc8
27. Rxe6+ Kd7 28. h3 Rc2 29. R1e2 (29. Rxg6) 29... Rc1+ 30. Kh2 Rd1 31. Rxg6
Rxd4 32. Rxg5 a6 33. Rg7+ Kc6 34. Re6+ Kc5 35. Rc7+ Kb5 36. Rxb7+ Ka5 37. Re3
Ra4 38. Re5# 1-0

[Event "Shropshire Open"]
[Site "Telford"]
[Date "2024.01.12"]
[Round "1.9"]
[White "Van Kemenade, Julie"]
[Black "Fleming, Nigel"]
[Result "0-1"]
[WhiteElo "1617"]
[BlackElo "2088"]
[Annotator "Van Kemenade, Rudy"]
[PlyCount "62"]
[EventDate "2024.01.12"]
[EventType "swiss"]
[EventRounds "5"]
[EventCountry "ENG"]
[SourceTitle "BritBase"]
[Source "John Saunders"]
[SourceDate "2024.04.05"]
[SourceVersion "1"]
[SourceVersionDate "2024.04.05"]
[SourceQuality "1"]

1. e4 Nf6 2. d3 d5 3. Qe2 dxe4 4. dxe4 e5 5. g3 (5. Nf3 Nc6 6. c3 Bc5 7. h3 Qe7
8. Nbd2 Be6 9. g3 O-O-O 10. Bg2 h6 11. b4 {Van Kemenade-Haigh, Dyfed Closed
2014,1/2-1/2}) 5... Bc5 6. Bg2 O-O 7. Nf3 Nc6 8. c3 a5 9. O-O b6 10. Nbd2 (10.
Rd1 Qe7 {0-2}) 10... Ba6 11. c4 Qe7 (11... a4 12. Rb1 Qe7 13. b3 a3 {
Khamidulin-Ignatiev, RUS cup Chigorin mem, St Petersburg 1996,0-1}) 12. Nb3 Bd6
(12... a4 13. Nxc5 Qxc5 14. b3 axb3 {Sorg-Posch, Vienna ch 1997,Wh resigned})
13. Rd1 (13. Bg5 $5) 13... a4 $19 14. Nbd2 Na5 (14... Qe6 15. Ng5 Nd4 16. Qd3
Qg4 $19 {SF16}) 15. b3 Bc5 16. h3 Rfd8 17. Bb2 (17. Nh4 {Rudy} g6 $17) 17...
Nc6 18. Nf1 a3 19. Bc3 Bb4 20. Bxb4 (20. Be1 {Wh wondered afterwards whether
this would have been better} Bxe1 21. Rxe1 Rd7 22. Ne3 Rad8 23. Rad1 Nb4 24.
Rxd7 Rxd7 25. Nd5 Nfxd5 26. exd5 Rxd5 27. Nxe5 Rd8 28. Nc6 Qxe2 29. Rxe2 Nxc6
30. Bxc6 $11 {SF16}) 20... Nxb4 21. g4 (21. Ne3 $11 {SF16}) 21... h6 (21... g6)
22. Ng3 (22. Ne3 $15) 22... g6 23. Nh2 Rxd1+ 24. Rxd1 Rd8 25. Rxd8+ Qxd8 $19
26. Bf1 Qd4 27. Qf3 Kg7 28. Ne2 Qxe4 (28... Qb2) 29. Qxe4 Nxe4 30. Nc1 Nc3 31.
Nf3 Nbxa2 0-1

[Event "Shropshire Open"]
[Site "Telford"]
[Date "2024.01.12"]
[Round "1.10"]
[White "Baer, Bruce L"]
[Black "He, Tom Junde"]
[Result "0-1"]
[WhiteElo "2085"]
[BlackElo "1745"]
[Annotator "Van Kemenade, Rudy"]
[PlyCount "80"]
[EventDate "2024.01.12"]
[EventType "swiss"]
[EventRounds "5"]
[EventCountry "ENG"]
[SourceTitle "BritBase"]
[Source "John Saunders"]
[SourceDate "2024.04.05"]
[SourceVersion "1"]
[SourceVersionDate "2024.04.05"]
[SourceQuality "1"]

1. g3 Nf6 2. Bg2 g6 3. e4 e5 4. d3 Bg7 5. f4 (5. Nf3) (5. Nc3) 5... exf4 (5...
d6 {transposes to 34 games}) 6. gxf4 d5 $15 (6... Nh5 7. Nf3 O-O 8. Nc3 d6 9.
Be3 Bg4 10. Qd2 Nc6 11. O-O-O Ne7 12. h3 $16 {Mamonova,Andrenko,UKR ch women,
Poltava 2010,0-1}) 7. e5 Nh5 8. Nf3 Bh6 9. Nc3 Bxf4 10. Bxf4 Nxf4 11. Qd2 Nxg2+
12. Qxg2 Nc6 $17 13. O-O-O Bf5 (13... Be6) 14. Rhf1 d4 (14... Qd7) 15. Ne4 (15.
Ne2 Qd7 $15) 15... Bxe4 16. dxe4 Qd7 (16... Qe7 17. h4 O-O-O $19 {SF16}) 17.
Qg5 Qe7 18. Qg4 (18. Qf6 Qxf6 19. exf6 O-O-O $17 {Sf16}) 18... h5 (18... Nxe5
$19 {SF16}) 19. Qh3 Nxe5 $19 20. Nxe5 Qxe5 21. Qa3 a6 (21... b5 22. Rg1 (22.
Qb4 Rd8 23. Rd3 Rd6 24. Qa5 Qc5 $19) 22... c5 $19 {SF16}) 22. Qb4 O-O-O 23.
Rxf7 Rhe8 $19 24. Qc4 Qxh2 {SF16} 25. b4 Rxe4 26. Rd3 Qd6 27. Rdf3 b5 28. Qb3
Re6 (28... Re1+ 29. Kb2 Re3 30. Rxe3 dxe3 31. Qxe3 Qxb4+ {SF16}) 29. Kb2 Qd5
30. Qxd5 Rxd5 31. Rg7 Rf5 (31... Rg5) (31... Kb7) 32. Rxg6 Rxg6 33. Rxf5 Rh6
34. Rd5 (34. Rf8+ Kb7 35. Rf3 h4 36. Rh3 Kc6 $19 {SF16}) 34... h4 35. Rxd4 h3
36. Rd1 h2 37. Rh1 Kd7 38. Kc3 Ke6 39. Kd4 Kf5 40. Ke3 Kg4 0-1